[Event "Napoli Autunno Vomero op-A"]
[Site "Napoli"]
[Date "2016.09.08"]
[Round "1"]
[White "Buiano, Fabio"]
[Black "Scarnera, Francesco"]
[Result "1-0"]
[WhiteElo "2137"]
[BlackElo "1665"]
[PlyCount "33"]
[EventDate "2016.09.08"]
[EventType "swiss"]
[EventRounds "7"]
[EventCountry "ITA"]
[SourceTitle "EXT 2018"]
[Source "ChessBase"]
[SourceDate "2017.10.13"]
[SourceVersion "1"]
[SourceVersionDate "2017.10.13"]
[SourceQuality "1"]

1. e4 e5 2. Nf3 Nc6 3. d4 exd4 4. Bc4 h6 5. 0-0 b6 6. c3 dxc3 7. Nxc3 Bb7 8. Re1 Qe7 9. Nd5 Qd8 10. e5 Nge7 11. Nf6+ gxf6 12. exf6 d5 13. Bxd5 Qd7 14. Bxf7+ Kd8 15. Be6 Qxd1 16. Rxd1+ Ke8 17. f7# 1-0

[Event "Napoli Moscarella Memorial"]
[Site "Napoli"]
[Date "2016.01.07"]
[Round "1"]
[White "Di Gennaro, Antonio"]
[Black "Buiano, Fabio"]
[Result "1/2-1/2"]
[WhiteElo "1653"]
[BlackElo "2163"]
[PlyCount "119"]
[EventDate "2016.01.07"]
[EventType "swiss"]
[EventRounds "6"]
[EventCountry "ITA"]
[SourceTitle "EXT 2018"]
[Source "ChessBase"]
[SourceDate "2017.10.13"]
[SourceVersion "1"]
[SourceVersionDate "2017.10.13"]
[SourceQuality "1"]

1. e4 c5 2. Nf3 g6 3. d4 cxd4 4. Nxd4 Nc6 5. c4 Nf6 6. Nc3 d6 7. Be2 Nxd4 8. Qxd4 Bg7 9. Be3 0-0 10. Qd2 Bd7 11. 0-0 Bc6 12. f3 a5 13. b3 Nd7 14. Rab1 Nc5 15. Rfc1 e6 16. Rd1 Be5 17. Rbc1 Qe7 18. Bf1 Rad8 19. Qf2 f5 20. exf5 exf5 21. Nd5 Bxd5 22. Rxd5 Rfe8 23. Rcd1 Ne6 24. Rxa5 f4 25. Bb6 Ra8 26. Rad5 Qf6 27. Kh1 Rec8 28. Qe2 Rc6 29. b4 Rxb6 30. c5 Rxb4 31. cxd6 Rd4 32. R1xd4 Bxd4 33. Qe4 Kg7 34. Rxd4 Nxd4 35. Qxb7+ Kh6 36. Qxa8 Qxd6 37. Qa6 Qe5 38. Qa4 Qe3 39. Qd1 Nf5 40. Qe2 Qd4 41. Qc2 Kg5 42. a4 Ne3 43. Qd3 Qxa4 44. Qb5+ Qxb5 45. Bxb5 h5 46. Bd7 Kf6 47. Bc8 g5 48. h3 Ke5 49. Kg1 Kd4 50. Ba6 Nd1 51. Be2 Nc3 52. Kf2 Nxe2 53. Kxe2 Kc3 54. Kf2 Kd3 55. Kf1 Ke3 56. Ke1 h4 57. Kf1 Kd2 58. Kf2 Kd3 59. Kf1 Ke3 60. Ke1 1/2-1/2

[Event "Napoli Sociale-ch"]
[Site "Napoli"]
[Date "2015.11.05"]
[Round "1"]
[White "Fortuna, Armando"]
[Black "Buiano, Fabio"]
[Result "0-1"]
[WhiteElo "1611"]
[BlackElo "2124"]
[PlyCount "86"]
[EventDate "2015.11.05"]
[EventType "swiss"]
[EventRounds "7"]
[EventCountry "ITA"]
[SourceTitle "EXT 2018"]
[Source "ChessBase"]
[SourceDate "2017.10.13"]
[SourceVersion "1"]
[SourceVersionDate "2017.10.13"]
[SourceQuality "1"]

1. e4 c5 2. Nf3 g6 3. d4 cxd4 4. Nxd4 Nc6 5. Nc3 Bg7 6. Be3 Nf6 7. Bc4 0-0 8. Bb3 a5 9. a3 d6 10. h3 Nxd4 11. Bxd4 Bd7 12. 0-0 Bc6 13. Qd3 Nd7 14. Bxg7 Kxg7 15. Qe3 a4 16. Ba2 Qb6 17. Qxb6 Nxb6 18. Rad1 Nd7 19. Rfe1 Rfe8 20. f4 Rad8 21. e5 dxe5 22. fxe5 Nc5 23. Nd5 Bxd5 24. Bxd5 Rd7 25. Bf3 Red8 26. Rxd7 Rxd7 27. Kf2 g5 28. Re2 Kg6 29. Ke3 e6 30. Rd2 Rxd2 31. Kxd2 Kf5 32. Kc3 Kxe5 33. Kb4 Kd6 34. Kc4 f5 35. b4 axb3 36. cxb3 b6 37. b4 Nd7 38. a4 Ne5+ 39. Kd4 Nxf3+ 40. gxf3 e5+ 41. Ke3 h5 42. a5 bxa5 43. bxa5 Kc5 0-1

[Event "Napoli Sociale op"]
[Site "Napoli"]
[Date "2015.06.25"]
[Round "4"]
[White "Buiano, Fabio"]
[Black "Baltzopoulos, Giorgos"]
[Result "0-1"]
[WhiteElo "2065"]
[BlackElo "2002"]
[PlyCount "70"]
[EventDate "2015.06.04"]
[EventType "swiss"]
[EventRounds "7"]
[EventCountry "ITA"]
[SourceTitle "EXT 2017"]
[Source "ChessBase"]
[SourceDate "2016.10.25"]
[SourceVersion "1"]
[SourceVersionDate "2016.10.25"]
[SourceQuality "1"]

1. e4 c5 2. Nf3 d6 3. Bb5+ Bd7 4. Bxd7+ Qxd7 5. c4 Nc6 6. d4 cxd4 7. Nxd4 Nf6 8. Nc3 g6 9. Nde2 Bg7 10. 0-0 0-0 11. f3 Rfc8 12. Be3 Qd8 13. Qd2 Qa5 14. Rfd1 Nd7 15. Rac1 Nc5 16. b3 a6 17. Nd5 Qd8 18. b4 Na4 19. b5 Ne5 20. bxa6 Rxa6 21. c5 Nc6 22. Nb4 Nxb4 23. Qxb4 Nb2 24. Rd2 Ra4 25. Qb3 Qa5 26. Rxb2 Bxb2 27. Qxb2 Rxa2 28. Qxb7 Rc7 29. Qb8+ Kg7 30. Bd4+ e5 31. Bc3 Qxc5+ 32. Kf1 Qe3 33. Qb5 Rxe2 34. Bxe5+ dxe5 35. Qxe5+ Kh6 0-1

[Event "Napoli Parthenope op 6th"]
[Site "Napoli"]
[Date "2014.06.26"]
[Round "7"]
[White "Buiano, Fabio"]
[Black "Baltzopoulos, Giorgos"]
[Result "1-0"]
[WhiteElo "2066"]
[BlackElo "2003"]
[PlyCount "67"]
[EventDate "2014.06.01"]
[EventType "swiss"]
[EventRounds "7"]
[EventCountry "ITA"]
[SourceTitle "EXT 2018"]
[Source "ChessBase"]
[SourceDate "2017.10.13"]
[SourceVersion "1"]
[SourceVersionDate "2017.10.13"]
[SourceQuality "1"]

1. e4 c5 2. Nf3 d6 3. c3 Nf6 4. Be2 Nc6 5. d4 cxd4 6. cxd4 Nxe4 7. d5 Qa5+ 8. Nc3 Nxc3 9. bxc3 Nd8 10. 0-0 e5 11. Rb1 Bd7 12. Ng5 Be7 13. f4 Bxg5 14. fxg5 0-0 15. Bd3 g6 16. Qf3 b6 17. h4 Nb7 18. h5 Qxc3 19. Bb2 Qd2 20. Qf6 gxh5 21. Rf3 Rac8 22. Ba3 Bg4 23. Bb4 Rc1+ 24. Kh2 Qd1 25. Bxh7+ Kxh7 26. g6+ fxg6 27. Qe7+ Kh6 28. Qxf8+ Kg5 29. Qf6+ Kh6 30. Qf8+ Kg5 31. Rxc1 Qxc1 32. Qf6+ Kh6 33. Rf2 Qc7 34. Qh8+ 1-0

[Event "Napoli Parthenope op 6th"]
[Site "Napoli"]
[Date "2014.05.29"]
[Round "2"]
[White "Buiano, Fabio"]
[Black "Esposito, Luca"]
[Result "1/2-1/2"]
[WhiteElo "2066"]
[BlackElo "2214"]
[PlyCount "163"]
[EventDate "2014.06.01"]
[EventType "swiss"]
[EventRounds "7"]
[EventCountry "ITA"]
[SourceTitle "EXT 2018"]
[Source "ChessBase"]
[SourceDate "2017.10.13"]
[SourceVersion "1"]
[SourceVersionDate "2017.10.13"]
[SourceQuality "1"]

1. e4 c5 2. Nc3 Nc6 3. Bb5 g6 4. Bxc6 bxc6 5. d4 Bg7 6. dxc5 Qa5 7. Nge2 Nf6 8. 0-0 0-0 9. a3 Qxc5 10. Be3 Qa5 11. f3 Qc7 12. Qd2 Rd8 13. Bf4 d6 14. Rfd1 Ba6 15. Na4 Nd7 16. Rab1 Nc5 17. b3 Rab8 18. Kh1 Rdc8 19. Be3 Rb7 20. h3 Rcb8 21. Rbc1 Nd7 22. Bd4 Bxe2 23. Qxe2 Bxd4 24. Rxd4 Qa5 25. Rcd1 Nf6 26. Qe3 c5 27. Rc4 Nd7 28. h4 Ne5 29. Rc3 c4 30. Rd5 Qd8 31. g3 cxb3 32. cxb3 Qd7 33. Kg2 h5 34. Nc5 Qb5 35. Nxb7 Qxb7 36. Qd4 Qa6 37. Kf2 Qxa3 38. Qd2 Rxb3 39. Rxb3 Qxb3 40. Qe2 a5 41. Kg2 a4 42. Rb5 Qc3 43. f4 Nc4 44. e5 dxe5 45. fxe5 Ne3+ 46. Kh3 Qc6 47. Rb8+ Kg7 48. Rb1 Qe4 49. Kh2 Qxe5 50. Qb2 Qxb2+ 51. Rxb2 a3 52. Re2 Nd5 53. Ra2 e5 54. Rxa3 Kf6 55. Kg2 Kf5 56. Kf2 Nf6 57. Ra7 Ng4+ 58. Ke2 f6 59. Re7 Ke4 60. Rg7 Kf5 61. Re7 e4 62. Re8 Ne5 63. Ke3 Ng4+ 64. Ke2 Ne5 65. Ke3 Kg4 66. Kxe4 Kxg3 67. Re6 Ng4 68. Rb6 Kxh4 69. Kf4 g5+ 70. Kf3 f5 71. Rb5 f4 72. Rc5 Nh2+ 73. Kf2 Ng4+ 74. Kf3 Nf6 75. Rc6 Ng4 76. Rc3 Ne3 77. Rc1 g4+ 78. Kxf4 Ng2+ 79. Kf5 Kg3 80. Kg5 Kf3 81. Kxh5 Ne3 82. Rg1 1/2-1/2

[Event "Napoli Parthenope op 6th"]
[Site "Napoli"]
[Date "2014.05.22"]
[Round "1"]
[White "Solombrino, Giovanni"]
[Black "Buiano, Fabio"]
[Result "0-1"]
[WhiteElo "1859"]
[BlackElo "2066"]
[PlyCount "66"]
[EventDate "2014.06.01"]
[EventType "swiss"]
[EventRounds "7"]
[EventCountry "ITA"]
[SourceTitle "EXT 2018"]
[Source "ChessBase"]
[SourceDate "2017.10.13"]
[SourceVersion "1"]
[SourceVersionDate "2017.10.13"]
[SourceQuality "1"]

1. e4 c6 2. d4 g6 3. Nf3 Bg7 4. Nc3 d5 5. e5 Bg4 6. h3 Bxf3 7. Qxf3 e6 8. Bd3 Ne7 9. 0-0 Nd7 10. Re1 0-0 11. Qg3 c5 12. dxc5 Nxc5 13. Bg5 Nxd3 14. cxd3 Qd7 15. Bxe7 Qxe7 16. Rac1 Qb4 17. Re2 Rac8 18. a3 Qb3 19. d4 Rc4 20. Qe3 Rfc8 21. f4 Qb6 22. Rd1 Qc6 23. Rd3 b5 24. Na2 a5 25. b3 Rc2 26. Rxc2 Qxc2 27. Rd2 Qb1+ 28. Kf2 Bf8 29. b4 axb4 30. axb4 Bxb4 31. Nxb4 Qxb4 32. Ra2 Qc4 33. Ra7 b4 0-1

[Event "Napoli Province-ch"]
[Site "Napoli"]
[Date "2014.01.23"]
[Round "6"]
[White "Melchior, Alex"]
[Black "Buiano, Fabio"]
[Result "0-1"]
[WhiteElo "1910"]
[BlackElo "2034"]
[PlyCount "126"]
[EventDate "2013.12.05"]
[EventType "swiss"]
[EventRounds "7"]
[EventCountry "ITA"]
[SourceTitle "EXT 2015"]
[Source "ChessBase"]
[SourceDate "2014.11.20"]
[SourceVersion "1"]
[SourceVersionDate "2014.11.20"]
[SourceQuality "1"]

1. e4 c5 2. Nf3 g6 3. d4 cxd4 4. Nxd4 Nc6 5. Be3 Nf6 6. Nc3 Bg7 7. f3 0-0 8. Qd2 d5 9. Nxc6 bxc6 10. 0-0-0 Qa5 11. Kb1 Rb8 12. b3 Rb4 13. exd5 cxd5 14. Nxd5 Nxd5 15. Qxd5 Rxb3+ 16. Qxb3 Be6 17. c4 Qc7 18. Kc1 Rb8 19. Qc2 Qe5 20. Rd3 Qa1+ 21. Kd2 Rb2 22. Rd8+ Bf8 23. Bh6 Rxc2+ 24. Kxc2 Qxa2+ 25. Kd1 Qb1+ 26. Kd2 Qa2+ 27. Kd1 Qa1+ 28. Kc2 Qa2+ 29. Kd1 Qa1+ 30. Kc2 Bf5+ 31. Bd3 Qa2+ 32. Kd1 Qa1+ 33. Kc2 Qa2+ 34. Kd1 Qb3+ 35. Ke2 Bxd3+ 36. Rxd3 Qxc4 37. Bxf8 Kxf8 38. Rhd1 h5 39. Kf2 Qc5+ 40. Kf1 h4 41. Rd5 Qc4+ 42. Kf2 a5 43. R1d4 Qc2+ 44. Rd2 Qc3 45. R2d3 Qc2+ 46. Rd2 Qb3 47. Rd8+ Kg7 48. R8d3 Qb6+ 49. Kf1 Qb5 50. Ke1 a4 51. Re3 Qb1+ 52. Ke2 e6 53. Rdd3 Qc2+ 54. Kf1 g5 55. Ra3 Qd1+ 56. Kf2 Qd2+ 57. Kg1 f5 58. Rad3 Qc1+ 59. Kf2 Qc2+ 60. Kg1 Kf6 61. Rc3 Qd1+ 62. Kf2 Qd2+ 63. Kg1 f4 0-1

[Event "Roseto op 5th"]
[Site "Roseto"]
[Date "2014.01.04"]
[Round "2"]
[White "Pescatore, Lorenzo"]
[Black "Buiano, Fabio"]
[Result "1/2-1/2"]
[WhiteElo "2238"]
[BlackElo "2034"]
[PlyCount "65"]
[EventDate "2014.01.03"]
[EventType "swiss"]
[EventRounds "7"]
[EventCountry "ITA"]
[SourceTitle "EXT 2015"]
[Source "ChessBase"]
[SourceDate "2014.11.20"]
[SourceVersion "1"]
[SourceVersionDate "2014.11.20"]
[SourceQuality "1"]

1. e4 c5 2. c3 b6 3. d4 Bb7 4. dxc5 Bxe4 5. cxb6 axb6 6. Nf3 Nf6 7. Nbd2 Bb7 8. Nc4 d6 9. Bg5 Nbd7 10. Be2 g6 11. Bxf6 Nxf6 12. Ne3 Bg7 13. Bb5+ Kf8 14. 0-0 h6 15. a4 Kg8 16. Nd4 Qc7 17. Be2 Kh7 18. Bf3 d5 19. Nb5 Qd7 20. c4 Rhd8 21. cxd5 Rac8 22. Nc3 h5 23. Qb3 Qd6 24. Nc4 Qf4 25. Nxb6 Rb8 26. h3 g5 27. Ne2 Qe5 28. Qd3+ Kg8 29. g3 g4 30. hxg4 hxg4 31. Bg2 Nxd5 32. Nxd5 Bxd5 33. Bxd5 1/2-1/2

[Event "Napoli Porreca Memorial 3rd"]
[Site "Napoli"]
[Date "2013.10.17"]
[Round "4"]
[White "Baccelliere, Antonio"]
[Black "Buiano, Fabio"]
[Result "0-1"]
[WhiteElo "1607"]
[BlackElo "2024"]
[PlyCount "52"]
[EventDate "2013.09.26"]
[EventType "swiss"]
[EventRounds "7"]
[EventCountry "ITA"]
[SourceTitle "EXT 2015"]
[Source "ChessBase"]
[SourceDate "2014.11.20"]
[SourceVersion "1"]
[SourceVersionDate "2014.11.20"]
[SourceQuality "1"]

1. e4 c5 2. Nf3 g6 3. d4 cxd4 4. Nxd4 Nc6 5. Be3 Nf6 6. Nc3 Bg7 7. Rb1 0-0 8. Bb5 Ng4 9. Qxg4 Nxd4 10. Ba4 d5 11. Qd1 dxe4 12. Nxe4 Bf5 13. f3 Qa5+ 14. c3 Rad8 15. Bb3 Bxe4 16. fxe4 Nf5 17. Qe2 Nxe3 18. Qxe3 Bd4 19. Qe2 e6 20. Kf1 Be5 21. g3 Qc5 22. Kg2 b5 23. Qf2 Qxf2+ 24. Kxf2 Rd2+ 25. Ke3 Rfd8 26. Rhd1 R8d3# 0-1

[Event "Campobasso op 20th"]
[Site "Campobasso"]
[Date "2013.08.03"]
[Round "4"]
[White "Buiano, Fabio"]
[Black "Cocchia, Umberto"]
[Result "1-0"]
[WhiteElo "2025"]
[BlackElo "1883"]
[PlyCount "39"]
[EventDate "2013.08.02"]
[EventType "swiss"]
[EventRounds "6"]
[EventCountry "ITA"]
[SourceTitle "EXT 2015"]
[Source "ChessBase"]
[SourceDate "2014.11.20"]
[SourceVersion "1"]
[SourceVersionDate "2014.11.20"]
[SourceQuality "1"]

1. e4 d5 2. exd5 Nf6 3. d4 Nxd5 4. Nf3 g6 5. c4 Nb6 6. Bf4 Bg7 7. Be5 f6 8. Bf4 0-0 9. Nc3 Nc6 10. Be3 Bg4 11. Be2 Kh8 12. Qd2 f5 13. d5 Bxf3 14. gxf3 Ne5 15. b3 f4 16. Bd4 a5 17. h4 c5 18. Bxc5 Rc8 19. Bd4 h6 20. Ne4 1-0

[Event "Bergamo op 12th"]
[Site "Bergamo"]
[Date "2013.07.19"]
[Round "1"]
[White "Sgnaolin, Davide"]
[Black "Buiano, Fabio"]
[Result "0-1"]
[WhiteElo "2258"]
[BlackElo "2029"]
[PlyCount "86"]
[EventDate "2013.07.19"]
[EventType "swiss"]
[EventRounds "6"]
[EventCountry "ITA"]
[SourceTitle "EXT 2024"]
[Source "ChessBase"]
[SourceDate "2023.10.10"]
[SourceVersion "1"]
[SourceVersionDate "2023.10.10"]
[SourceQuality "1"]

1. e4 c5 2. c3 g6 3. Nf3 Bg7 4. d4 cxd4 5. cxd4 d5 6. e5 Bg4 7. Qb3 Qd7 8. Nc3 Bxf3 9. gxf3 Nc6 10. Be3 e6 11. Bd3 Nge7 12. h4 h5 13. Rg1 Bf8 14. 0-0-0 Nf5 15. Bxf5 gxf5 16. Bg5 Na5 17. Qb5 Nc4 18. Kb1 Rc8 19. Bf6 Rh7 20. Rg8 Qxb5 21. Nxb5 a6 22. Na7 Ra8 23. b3 Nb6 24. Rc1 Kd7 25. a4 Bb4 26. Rxa8 Nxa8 27. Nc8 Rh6 28. a5 Bxa5 29. Nd6 Rxf6 30. Nxb7 Rg6 31. Nxa5 Rg2 32. Rc2 Rh2 33. Rc6 Nc7 34. Rd6+ Kc8 35. Nc6 Nb5 36. Ne7+ Kc7 37. Rxa6 Rxh4 38. Ra8 Rh1+ 39. Kb2 h4 40. Rf8 h3 41. Rxf7 h2 42. Nxf5+ Kc6 43. Ng3 Rf1 0-1

[Event "Parthenope op 5th"]
[Site "Napoli"]
[Date "2013.05.30"]
[Round "4"]
[White "Seletsky, Grigory"]
[Black "Buiano, Fabio"]
[Result "1-0"]
[WhiteElo "2329"]
[BlackElo "2053"]
[PlyCount "48"]
[EventDate "2013.05.09"]
[EventType "swiss"]
[EventRounds "7"]
[EventCountry "ITA"]
[SourceTitle "EXT 2014"]
[Source "ChessBase"]
[SourceDate "2013.11.20"]
[SourceVersion "1"]
[SourceVersionDate "2013.11.20"]
[SourceQuality "1"]

1. d4 Nf6 2. c4 e6 3. g3 Bb4+ 4. Nd2 c5 5. dxc5 Na6 6. Bg2 Nxc5 7. Ngf3 0-0 8. 0-0 d5 9. cxd5 exd5 10. a3 Bxd2 11. Bxd2 Nfe4 12. Be3 Re8 13. Rc1 b6 14. Bd4 Bb7 15. b4 Ne6 16. Bb2 Qe7 17. Nd4 Nxd4 18. Qxd4 f6 19. Rc2 Qe6 20. Rc7 Ba6 21. a4 Bxe2 22. Re1 Bh5 23. Bxe4 dxe4 24. Rxe4 Qxe4 1-0